Kdo je Karel Marx

Saved in:
Bibliographic Details
Format: Book
Language:Czech
Published: Praha Orbis 1949
Tags: Add Tag
No Tags, Be the first to tag this record!

MARC

LEADER 00000nam a2200000 4500
001 0315213
005 20260302130120.1
041 0 |a cze 
044 |a CZ 
245 1 0 |a Kdo je Karel Marx  |c František Červinka 
264 1 |a Praha  |b Orbis  |c 1949